Truyện cổ Latvia = Latvian fairy tales

Wedi'i Gadw mewn:
Manylion Llyfryddiaeth
Fformat: Llyfr
Iaith:Undetermined
Cyhoeddwyd: Đà Nẵng Nxb. Đà Nẵng 1984
Pynciau:
Tagiau: Ychwanegu Tag
Dim Tagiau, Byddwch y cyntaf i dagio'r cofnod hwn!
Thư viện lưu trữ: Trung tâm Học liệu Trường Đại học Cần Thơ
LEADER 00474nam a2200169Ia 4500
001 CTU_6259
008 210402s9999 xx 000 0 und d
082 |a 398.204917 
082 |b Tr527 
245 0 |a Truyện cổ Latvia 
245 0 |b = Latvian fairy tales 
245 0 |c Huỳnh Văn Hoa 
260 |a Đà Nẵng 
260 |b Nxb. Đà Nẵng 
260 |c 1984 
650 |a folk literature, latvian 
980 |a Trung tâm Học liệu Trường Đại học Cần Thơ